Die 10 teuersten Bundesligazu- und abgänge aller Zeiten - Statistiken

Allgemein
  • Dieses Quiz wurde 87 mal gespielt
  • Das Durchschnittsergebnis liegt bei 18 aus 20
Antwortstatistiken
Ab- oder Zugang Saison Nationalität Position Ablöse aufnehmender Verein Antwort % Korrekt
Zugang 23/24 England ST 95 Mio € FC Bayern München Harry Kane
100%
Zugang 23/24 Südkorea IV 50 Mio € FC Bayern München Min-jae Kim
97%
Abgang 25/26 Deutschland ZOM 125 Mio € FC Liverpool Florian Wirtz
95%
Zugang 24/25 Frankreich RF 53 Mio € FC Bayern München Michael Olise
95%
Abgang 23/24 England ZOM 127 Mio € Real Madrid Jude Bellingham
94%
Zugang 25/26 Kolumbien LF 70 Mio € FC Bayern München Luis Diaz
94%
Zugang 22/23 Niederlande IV 67 Mio € FC Bayern München Mathijs de Ligt
94%
Zugang 19/20 Frankreich LV 80 Mio € FC Bayern München Lucas Hernandez
92%
Abgang 17/18 Frankreich ST 148 Mio € FC Barcelona Ousmane Dembele
92%
Abgang 21/22 England LF 85 Mio € Manchester United Jadon Sancho
91%
Abgang 20/21 Deutschland ST 100 Mio € FC Chelsea Kai Havertz
91%
Abgang 15/16 Belgien ZOM 76 Mio € Manchester City Kevin de Bruyne
91%
Zugang 20/21 Deutschland RF 49 Mio € FC Bayern München Leroy Sane
91%
Abgang 25/26 Slowenien ST 76,5 Mio € Manchester United Benjamin Sesko
90%
Abgang 23/24 Kroatien IV 90 Mio € Manchester City Josko Gvardiol
89%
Abgang 23/24 Frankreich ST 95 Mio € Paris Saint-Germain Randal Kolo Muani
87%
Zugang 24/25 Niederlande ZOM 50 Mio € RB Leipzig Xavi Simons
84%
Abgang 25/26 Frankreich ST 95 Mio € FC Liverpool Hufo Ekitike
81%
Zugang 15/16 Deutschland LF 43 Mio € VFL Wolfsburg Julian Draxler
73%
Zugang 24/25 Portugal ZDM 51 Mio € FC Bayern München Joao Palhinha
70%
Keine übereinstimmenden Quizze gefunden
Verteilung der Resultate
Anzahl Personen mit jedem Resultat
Perzentil nach korrekt beantworteten Fragen
Ihre Resultats-Entwicklung
Sie haben dieses Quiz noch nicht gespielt